书目信息 |
| 题名: |
纪念柯棣华
|
|
| 作者: | ;柯棣华纪念馆 , 白求恩国际和平医院 编辑 | |
| 分册: | ||
| 出版信息: | 北京 人民出版社 1982 |
|
| 页数: | 201页 | |
| 开本: | 25cm | |
| 丛书名: | ||
| 单 册: | ||
| 中图分类: | K833.516.2-64 | |
| 科图分类: | ||
| 主题词: | ||
| 电子资源: | ||
| ISBN: | ||
| 000 | 00842nam0 2200253 45 | |
| 001 | 0182000744 | |
| 005 | 20060811152739.01 | |
| 010 | @b精装@dCNY10.00 | |
| 091 | @a3001.1835 | |
| 100 | @a19951031d1982 em y0chiy0121 ea | |
| 101 | 0 | @achi |
| 102 | @aCN@b110000 | |
| 105 | @ay z 000yy | |
| 200 | 10 | @a纪念柯棣华@Aji nian ke di hua@f白求恩国际和平医院,柯棣华纪念馆等编辑@Fbai qiu en guo ji he ping yi yuan,ke di hua ji nian guan deng bian ji |
| 210 | @a北京@c人民出版社@d1982 | |
| 215 | @a201页@d25cm | |
| 300 | @a纪念柯棣华大夫逝世四十周年 | |
| 600 | 0 | @a柯棣华@x纪念文集 |
| 690 | @aK833.516.2-64@v3 | |
| 711 | 0 | @a柯棣华纪念馆@Ake di hua ji nian guan@4编辑 |
| 711 | 0 | @a白求恩国际和平医院@Abai qiu en guo ji he ping yi yuan@4编辑 |
| 801 | 0 | @aCN@bTSSF@c20060811 |
| 801 | 2 | @aCN@bNLC@c20060106 |
| 905 | @a10447@dK833.516.2-64@e9 | |
| 纪念柯棣华/白求恩国际和平医院,柯棣华纪念馆等编辑.-北京:人民出版社,1982 |
| 201页;25cm |
| 纪念柯棣华大夫逝世四十周年 |
| ISBN (精装):CNY10.00 |
| ● |
| 相关链接 |
|
|
|
|
正题名:纪念柯棣华
索取号:K833.516.2-64/9
 
预约/预借
| 序号 | 登录号 | 条形码 | 馆藏地/架位号 | 状态 | 备注 |
| 1 | 0080333 | 001538919 | 第二样本阅览室/ [索取号:K833.516.2-64/9] | 在馆 | |
| 2 | 0080334 | 202185651 | 密集书库/ [索取号:K833.516.2-64/9] | 在馆 | |
| 3 | 0455577 | 204555775 | 密集书库/ [索取号:K833.516.2-64/9] | 在馆 |